LEADER 01107nam--2200373---4500 001 990000597720203316 005 20090120162333.0 010 $a0-7923-9134-9 035 $a0059772 035 $aUSA010059772 035 $a(ALEPH)000059772USA01 035 $a0059772 100 $a20010830d1991----km-y0ENGy0103----ba 101 $aeng 102 $aUS 200 1 $aElectronic money flows$ethe molding of a new financial order$fedited by Elinor Harris Solomon 210 $aBoston$cKluwer academic$dc1991 215 $aXIII, 225 p.$d24 cm 410 $12001 606 0 $aCapitale$xCircolazione 606 0 $aPagamenti$xSistemi 676 $a332.1028 702 1$aSOLOMON,$bElinor Harris 801 0$aIT$bsalbc$gISBD 912 $a990000597720203316 951 $a332.102 ELE 1 (IRA 17 129)$b1608 EC$cIRA 17$d00011669 959 $aBK 969 $aECO 979 $aPATTY$b90$c20010830$lUSA01$h1011 979 $c20020403$lUSA01$h1709 979 $aPATRY$b90$c20040406$lUSA01$h1641 979 $aRSIAV3$b90$c20090120$lUSA01$h1623 996 $aElectronic money flows$9882435 997 $aUNISA LEADER 04347nam 22008175 450 001 996465934203316 005 20200703071454.0 010 $a3-540-45540-X 024 7 $a10.1007/3-540-45540-X 035 $a(CKB)1000000000211617 035 $a(SSID)ssj0000324218 035 $a(PQKBManifestationID)11912672 035 $a(PQKBTitleCode)TC0000324218 035 $a(PQKBWorkID)10304328 035 $a(PQKB)10454478 035 $a(DE-He213)978-3-540-45540-0 035 $a(MiAaPQ)EBC3072516 035 $a(PPN)155164406 035 $a(EXLCZ)991000000000211617 100 $a20121227d2001 u| 0 101 0 $aeng 135 $aurnn|008mamaa 181 $ctxt 182 $cc 183 $acr 200 10$aJob Scheduling Strategies for Parallel Processing$b[electronic resource] $e7th International Workshop, JSSPP 2001, Cambridge, MA, USA, June 16, 2001, Revised Papers /$fedited by Dror G. Feitelson, Larry Rudolph 205 $a1st ed. 2001. 210 1$aBerlin, Heidelberg :$cSpringer Berlin Heidelberg :$cImprint: Springer,$d2001. 215 $a1 online resource (VIII, 216 p.) 225 1 $aLecture Notes in Computer Science,$x0302-9743 ;$v2221 300 $aBibliographic Level Mode of Issuance: Monograph 311 $a3-540-42817-8 320 $aIncludes bibliographical references and index. 327 $aPerformance Evaluation with Heavy Tailed Distributions -- SRPT Scheduling for Web Servers -- An Efficient and Scalable Coscheduling Technique for Large Symmetric Multiprocessor Clusters -- Coscheduling under Memory Constraints in a NOW Environment -- The Influence of Communication on the Performance of Co-allocation -- Core Algorithms of the Maui Scheduler -- On the Development of an Efficient Coscheduling System -- Effects of Memory Performance on Parallel Job Scheduling -- An Integrated Approach to Parallel Scheduling Using Gang-Scheduling, Backfilling, and Migration -- Characteristics of a Large Shared Memory Production Workload -- Metrics for Parallel Job Scheduling and Their Convergence. 330 $aThis book constitutes the thoroughly refereed post-proceedings of the 7th International Workshop on Job Scheduling Strategies for Parallel Processing, JSSPP 2001, held in Cambridge, MA, USA, in June 2001. The 11 revised full papers presented were carefully selected and improved during two rounds of reviewing and revision, and present state-of-the-art results in the area. 410 0$aLecture Notes in Computer Science,$x0302-9743 ;$v2221 606 $aOperating systems (Computers) 606 $aComputer programming 606 $aArchitecture, Computer 606 $aAlgorithms 606 $aMicroprocessors 606 $aComputers 606 $aOperating Systems$3https://scigraph.springernature.com/ontologies/product-market-codes/I14045 606 $aProgramming Techniques$3https://scigraph.springernature.com/ontologies/product-market-codes/I14010 606 $aComputer System Implementation$3https://scigraph.springernature.com/ontologies/product-market-codes/I13057 606 $aAlgorithm Analysis and Problem Complexity$3https://scigraph.springernature.com/ontologies/product-market-codes/I16021 606 $aProcessor Architectures$3https://scigraph.springernature.com/ontologies/product-market-codes/I13014 606 $aComputation by Abstract Devices$3https://scigraph.springernature.com/ontologies/product-market-codes/I16013 615 0$aOperating systems (Computers). 615 0$aComputer programming. 615 0$aArchitecture, Computer. 615 0$aAlgorithms. 615 0$aMicroprocessors. 615 0$aComputers. 615 14$aOperating Systems. 615 24$aProgramming Techniques. 615 24$aComputer System Implementation. 615 24$aAlgorithm Analysis and Problem Complexity. 615 24$aProcessor Architectures. 615 24$aComputation by Abstract Devices. 676 $a004.2/4 702 $aFeitelson$b Dror G$4edt$4http://id.loc.gov/vocabulary/relators/edt 702 $aRudolph$b Larry$4edt$4http://id.loc.gov/vocabulary/relators/edt 712 12$aJSSPP 2001 801 0$bMiAaPQ 801 1$bMiAaPQ 801 2$bMiAaPQ 906 $aBOOK 912 $a996465934203316 996 $aJob Scheduling Strategies for Parallel Processing$9771868 997 $aUNISA